000 00686nam a2200289Ia 4500
005 20260324125204.0
008 008 260324s9999 xx 000 0 eng d
020 _a9781351279840
037 _aEBOOK
040 _aCRL
040 _beng
040 _cCRL
041 _2eng
041 _aeng
084 _qCRL
100 _aDeborah Leipziger
_91177032
245 0 _aSA8000: The First Decade
245 0 _bImplementation, Influence, and Impact
260 _bTaylor and Francis
260 _c2009
365 _a
365 _b86.99
856 _uhttp://www.taylorfrancis.com/books/9781351279840
942 _cEBOOK
999 _c1772067
_d1772067